<?xml version="1.0" encoding="UTF-8"?>
<marc:record xmlns:marc="http://www.loc.gov/MARC21/slim">
   <marc:leader>00000nam a2200000 a 4500</marc:leader>
   <marc:datafield ind1="1" ind2=" " tag="100">
      <marc:subfield code="a">Conny Kipfer; Renate Metzger-Breitenfellner</marc:subfield>
      <marc:subfield code="4">aut</marc:subfield>
      <marc:subfield code="e">Verfasser/-in</marc:subfield>
   </marc:datafield>
   <marc:datafield ind1=" " ind2=" " tag="653">
      <marc:subfield code="a">Krieg</marc:subfield>
   </marc:datafield>
   <marc:datafield ind1=" " ind2=" " tag="653">
      <marc:subfield code="a">Bosnienkrieg</marc:subfield>
   </marc:datafield>
   <marc:datafield ind1=" " ind2=" " tag="653">
      <marc:subfield code="a">Nationalisten</marc:subfield>
   </marc:datafield>
   <marc:datafield ind1=" " ind2=" " tag="653">
      <marc:subfield code="a">Srebrenica</marc:subfield>
   </marc:datafield>
   <marc:datafield ind1="0" ind2="0" tag="245">
      <marc:subfield code="a">SREBRENICA 360°</marc:subfield>
   </marc:datafield>
   <marc:datafield ind1=" " ind2="1" tag="264">
      <marc:subfield code="b">grafikcontainer</marc:subfield>
      <marc:subfield code="c">2010</marc:subfield>
   </marc:datafield>
   <marc:datafield ind1="1" ind2=" " tag="520">
      <marc:subfield code="a">Das ostbosnische Städtchen Srebenica erlangte 1995 traurige Berühmtheit: Serbische Nationalisten ermordeten während des Bosnienkrieges 8000 muslimische Männer und Knaben. Der Genozid von damals ist immer noch präsent: Den Frauen fehlen die Männer, die Brüder, die Väter, die Söhne. Die Hauptverantwortlichen für das Massaker - Serbenführer Radovan Karadzic und sein General Ratko Mladic - sind nicht bestraft worden: Der eine boykottiert in Den Haag den Prozess, der andere lebt unbehelligt in Serbien. Im Film kommen Menschen aus Srebrenica zu Wort. Sie  erzählen vom harten Leben, von der Arbeitslosigkeit, von der Hoffnung auf ein friedliches Zusammenleben - und von ihrer Sehnsucht nach Gerechtigkeit.  </marc:subfield>
   </marc:datafield>
</marc:record>
